000 00616cam a2200229 4500500
005 20260419001149.0
041 _afre
042 _adc
100 1 0 _aFereday, Jack
_eauthor
245 0 0 _aLa seiche d’Orwell
260 _c2023.
500 _a80
690 _aCommunication
690 _aCulture d’entreprise
690 _aEfficacité
690 _aEntreprise
690 _aManagement
690 _aSens
690 _aSoft skills
786 0 _nPhilonomist | - | 6 | 2023-05-02 | p. 64-70
856 4 1 _uhttps://shs.cairn.info/magazine-philonomist-2023-6-page-64?lang=fr&redirect-ssocas=7080
999 _c2212737
_d2212737